| 000 -CABECERA |
| Longitud fija campo de control |
01002nam a2200313 a 4500 |
| 001 - NÚMERO DE CONTROL |
| Número de control |
991040654229706706 |
| 003 - IDENTIFICADOR DEL NÚMERO DE CONTROL |
| Identificador del número de control |
OSt |
| 005 - FECHA Y HORA DE LA ÚLTIMA TRANSACCIÓN |
| Fecha y hora de la última transacción |
20211130135941.0 |
| 008 - CÓDIGOS DE INFORMACIÓN DE LONGITUD FIJA |
| Códigos de información de longitud fija |
060529s2006 spc|||||| 000 ||cat|c |
| 020 ## - NÚMERO INTERNACIONAL NORMALIZADO PARA LIBROS |
| Número Internacional Normalizado para Libros (ISBN) |
8497871766 |
| 035 ## - NÚMERO DE CONTROL DEL SISTEMA |
| Número de control del sistema |
(ES-BaCBU)b35408248-34csuc_network |
| 035 ## - NÚMERO DE CONTROL DEL SISTEMA |
| Número de control del sistema |
(ES-BaCBU).b35408248 |
| 035 ## - NÚMERO DE CONTROL DEL SISTEMA |
| Número de control del sistema |
(ccuc001)b35408248 |
| 035 ## - NÚMERO DE CONTROL DEL SISTEMA |
| Número de control del sistema |
(OCoLC)802976058 |
| 040 ## - FUENTE DE LA CATALOGACIÓN |
| Centro catalogador de origen |
ES-BaCBU |
| Lengua de catalogación |
cat |
| Centro transcriptor |
ES-BaCBU |
| Centro modificado |
CDMR |
| 043 ## - CÓDIGO DE ÁREA GEOGRÁFICA |
| Código de área geográfica |
e-sp--- |
| Código local GAC |
e-spc-- |
| Fuente del código local |
catmarc |
| 090 ## - CAMPOS LOCALES |
| Número de clasificación (OCLC) ; Número de clasificación,LLAMADA (RLIN) |
PN1992.92.T45 |
| Signatura local (OCLC) ; Signatura sin dividir, número de libro, CALL (RLIN) |
T67 2006 |
| 245 00 - MENCIÓN DE TÍTULO |
| Título |
Tot sobre TV3 / |
| Mención de responsabilidad, etc. |
Família Fernández |
| 260 ## - PUBLICACIÓN, DISTRIBUCIÓN, ETC. (PIE DE IMPRENTA) |
| Lugar de publicación, distribución, etc. |
Barcelona : |
| Nombre del editor, distribuidor, etc. |
Empúries, |
| Fecha de publicación, distribución, etc. |
cop. 2006 |
| 300 ## - DESCRIPCIÓN FÍSICA |
| Extensión |
264 p. ; |
| Dimensiones |
19 cm |
| 610 27 - PUNTO DE ACCESO ADICIONAL DE MATERIA - NOMBRE DE ENTIDAD CORPORATIVA |
| Nombre de entidad corporativa o nombre de jurisdicción como elemento inicial |
Televisió de Catalunya |
| Subdivisió,n de materia general |
Programes. |
| Fuente de encabezamiento o término |
lemac |
| 610 27 - PUNTO DE ACCESO ADICIONAL DE MATERIA - NOMBRE DE ENTIDAD CORPORATIVA |
| Nombre de entidad corporativa o nombre de jurisdicción como elemento inicial |
Televisió de Catalunya |
| Subdivisió,n de materia general |
Història. |
| Fuente de encabezamiento o término |
lemac |
| 710 2# - PUNTO DE ACCESO ADICIONAL - NOMBRE DE ENTIDAD |
| Nombre de entidad o nombre de jurisdicción como elemento inicial |
Família Fernández. |
| 830 #0 - PUNTO DE ACCESO ADICIONAL DE SERIE - TÍTULO UNIFORME |
| Título uniforme |
Pòrtic singular ; |
| Designación de volumen o secuencia |
55 |
| 907 ## - ELEMENTO G DATOS LOCALES, GDL (RLIN) |
| a |
.b35408248 |
| b |
25-06-21 |
| c |
09-05-08 |
| d |
29-05-06 |
| e |
m |
| f |
a |
| g |
- |
| h |
cat |
| i |
spc |
| j |
0 |
| k |
1 |
| 908 ## - CONTROL DE PARÁMETROS (RLIN) |
| Parametro de comando lanzado |
URL |
| -- |
UIC |
| -- |
FILMO |
| -- |
UAB |
| -- |
UPC |
| -- |
UB |
| -- |
UPF |
| 940 ## - |
| T&íacute;tulo uniforme |
<a href="CVA5">CVA5</a> |
| 942 ## - ENTRADA DE ELEMENTOS AGREGADOS (KOHA) |
| Fuente de clasificaión o esquema |
|
| Koha [por defecto] tipo de item |
Monografies |